| 000 | 00597nam a2200253Ia 4500 | ||
|---|---|---|---|
| 008 | 210210b2005 xxu||||| |||| 00| 0 eng d | ||
| 020 | _a9780230327214 | ||
| 041 | _aeng | ||
| 082 | _a327 BROU | ||
| 100 | _aBROWN (Chirs) | ||
| 245 | _aUnderstanding international relations Ed 3 | ||
| 250 | _a | ||
| 260 |
_aNew York _b- _c2005 |
||
| 300 | _axvii-294 | ||
| 650 | _aUnderstanding | ||
| 650 | _arelations.Ed | ||
| 650 | _arelations | ||
| 650 | _ainternational | ||
| 650 | _aEd | ||
| 650 | _a3 | ||
| 690 | _aInternational Relations | ||
| 700 | _aAINELY (Kirsten) | ||
| 906 | _a066186 | ||
| 999 |
_c146566 _d146566 |
||